000 00677nam a2200217 4500
001 121667
003 ES-MaACL
005 20230906191809.0
007 t|
008 070214s1956 sp r ||||1| spa d
100 0 _aPlatón.
_992598
245 1 3 _aLa República
_b: o El Estado /
_cPlatón ; versión establecida a la vista de los textos más autorizados, prólogo y notas por Enrique Palau.
260 _aBarcelona :
_bIberia,
_c1956.
300 _aXXI, 387 p. ;
_c19 cm.
490 1 _aObras maestras
700 1 _aPalau, Enrique.
_988486
740 0 _aEl Estado.
830 0 _aObras maestras
_9181001
852 _aES-MaACL
_jC-11921
_bR.39913
999 _c121667
_d121667